[Event "Championnat de France des Jeunes - Juni"]
[Site "TROYES"]
[Date "2010.04.12"]
[Round "3.1"]
[White "Delorme, Axel"]
[Black "Migot, Tangi"]
[Result "1/2-1/2"]
[WhiteElo "2429"]
[BlackElo "2195"]
[PlyCount "60"]
[EventDate "2010.??.??"]

1. e4 c5 2. Nf3 d6 3. d4 cxd4 4. Nxd4 Nf6 5. Nc3 a6 6. Be2 e5 7. Nb3 Be7 8. O-O
O-O 9. Re1 Be6 10. Bf3 Nbd7 11. a4 Qc7 12. a5 Rfd8 13. Be3 b5 14. axb6 Nxb6 15.
Na5 d5 16. Bxb6 Qxb6 17. Nxd5 Bxd5 18. exd5 Bc5 19. Re2 e4 20. Bxe4 Ng4 21. Qd2
Re8 22. Nc4 Qb8 23. d6 Rxe4 24. Rxe4 Nxf2 25. Qxf2 Bxf2+ 26. Kxf2 f5 27. Re2
Qa7+ 28. Kf1 Qd4 29. Ra4 Qf4+ 30. Kg1 Qc1+ 1/2-1/2

[Event "Championnat de France des Jeunes - Juni"]
[Site "TROYES"]
[Date "2010.04.12"]
[Round "3.2"]
[White "Blum, Nicolas"]
[Black "Moucheroud, Jeremy"]
[Result "1-0"]
[WhiteElo "2268"]
[BlackElo "2058"]
[PlyCount "119"]

1. e4 c5 2. Nf3 Nc6 3. Bb5 d6 4. O-O Bd7 5. Re1 a6 6. Bxc6 Bxc6 7. d4 cxd4 8.
Qxd4 Nf6 9. Nc3 e6 10. Nd5 Be7 11. Nxe7 Qxe7 12. Bg5 e5 13. Qd3 h6 14. Bd2 a5
15. Rad1 O-O 16. Bc1 Ne8 17. c4 f5 18. exf5 Qf6 19. Nd2 Qxf5 20. Qxf5 Rxf5 21.
Ne4 Rd8 22. Ng3 Rf6 23. Rxe5 dxe5 24. Rxd8 Rd6 25. Rxd6 Nxd6 26. b3 Kf7 27. f3
a4 28. Kf2 axb3 29. axb3 Ke6 30. Ba3 Nf5 31. Nf1 h5 32. Nd2 g6 33. Bc5 Ng7 34.
b4 b5 35. cxb5 Bxb5 36. Ne4 Ne8 37. Nc3 Bc6 38. b5 Ba8 39. b6 Nf6 40. Kg3 g5
41. Be3 h4+ 42. Kf2 Kf5 43. Nb5 Ne8 44. g3 hxg3+ 45. Kxg3 Bc6 46. Na3 Nd6 47.
Nc2 Nb7 48. Nb4 Bd7 49. Na6 Bb5 50. Nb4 Bd7 51. Nd3 Bb5 52. Nf2 Bc6 53. Nh3 Na5
54. Bxg5 Nc4 55. Bd8 Nd2 56. Ng5 Nf1+ 57. Kg2 Nd2 58. h4 Nxf3 59. Nxf3 Kf4 60.
Kf2 1-0

[Event "Championnat de France des Jeunes - Juni"]
[Site "TROYES"]
[Date "2010.04.12"]
[Round "3.3"]
[White "Valles, Manuel"]
[Black "Lemarchand, Matthieu"]
[Result "1/2-1/2"]
[WhiteElo "2242"]
[BlackElo "1833"]
[PlyCount "25"]

1. d4 g6 2. e4 Bg7 3. Nc3 c6 4. Nf3 d5 5. Be2 Bg4 6. exd5 cxd5 7. Ne5 Bxe2 8.
Qxe2 a6 9. O-O Nf6 10. Bg5 Nc6 11. Nxc6 bxc6 12. Rfe1 Ra7 13. Na4 1/2-1/2

[Event "Championnat de France des Jeunes - Juni"]
[Site "TROYES"]
[Date "2010.04.12"]
[Round "3.4"]
[White "Poey-Durut, Peio"]
[Black "Demuth, Adrien"]
[Result "1/2-1/2"]
[WhiteElo "1995"]
[BlackElo "2398"]
[PlyCount "60"]

1. e4 c5 2. Nf3 Nc6 3. d3 g6 4. g3 Bg7 5. Bg2 d6 6. O-O Nf6 7. Re1 O-O 8. c3
Ne8 9. a4 e5 10. Na3 Nc7 11. Bg5 Qd7 12. Nc4 h6 13. Be3 Qe6 14. Nfd2 Rd8 15. f4
exf4 16. gxf4 d5 17. exd5 Nxd5 18. Bxc5 Qf6 19. Ne4 Qxf4 20. Rf1 Qc7 21. Bd6
Rxd6 22. Nexd6 Be6 23. Qc2 Rd8 24. Nb5 Qe7 25. Rae1 a6 26. Nba3 Qg5 27. Qd2
Qxd2 28. Nxd2 Nb6 29. d4 Nxa4 30. Be4 Ne7 1/2-1/2

[Event "Championnat de France des Jeunes - Juni"]
[Site "TROYES"]
[Date "2010.04.12"]
[Round "3.5"]
[White "Devallee, Jeremie"]
[Black "Favarel, Antoine"]
[Result "1-0"]
[WhiteElo "2044"]
[BlackElo "2231"]
[PlyCount "91"]

1. e4 c5 2. Nc3 Nc6 3. f4 g6 4. Nf3 Bg7 5. Bc4 d6 6. h3 e6 7. g4 Nge7 8. O-O d5
9. Be2 O-O 10. d3 Nd4 11. Nb1 dxe4 12. dxe4 b6 13. Bd3 c4 14. Be2 Bb7 15. Nc3
b5 16. e5 Nxf3+ 17. Bxf3 Qxd1 18. Nxd1 Bxf3 19. Rxf3 g5 20. f5 Nc6 21. f6 Nxe5
22. Rf1 Bh6 23. Nc3 a6 24. Be3 Rfd8 25. Rad1 Bf8 26. Bb6 Rd7 27. Rxd7 Nxd7 28.
Be3 Bc5 29. Kf2 Re8 30. Ne4 h6 31. Rd1 Bxe3+ 32. Kxe3 Nc5 33. Rd6 Na4 34. Rxa6
Nxb2 35. Nd6 Rd8 36. Kd4 b4 37. Kc5 b3 38. axb3 cxb3 39. cxb3 Nd3+ 40. Kc6 Nb4+
41. Kc7 Nxa6+ 42. Kxd8 e5 43. Ke7 Nc5 44. Nxf7 e4 45. Nxh6+ Kh7 46. Nf5 1-0

[Event "Championnat de France des Jeunes - Juni"]
[Site "TROYES"]
[Date "2010.04.12"]
[Round "3.6"]
[White "Roubert, Emile"]
[Black "Millon, Valentin"]
[Result "1-0"]
[WhiteElo "1925"]
[BlackElo "2080"]
[PlyCount "40"]

1. e4 c5 2. Nf3 e6 3. c3 Nf6 4. e5 Nd5 5. d4 cxd4 6. cxd4 d6 7. a3 Bd7 8. Bd3
Bc6 9. O-O Nd7 10. b4 a6 11. Re1 Rc8 12. Ra2 Be7 13. Rc2 O-O 14. Be3 N7b6 15.
Nbd2 Bb5 16. Ne4 Rxc2 17. Bxc2 Nc4 18. Bc1 b6 19. a4 Bc6 20. Qd3 Nxb4 1-0

[Event "Championnat de France des Jeunes - Juni"]
[Site "TROYES"]
[Date "2010.04.12"]
[Round "3.7"]
[White "Younes, Jean-Francois"]
[Black "Bressac, Stephane"]
[Result "1-0"]
[WhiteElo "1777"]
[BlackElo "2197"]
[PlyCount "71"]

1. c4 c6 2. g3 d5 3. cxd5 cxd5 4. Bg2 Nc6 5. d4 Nf6 6. Nc3 Bf5 7. Nf3 e6 8. a3
h6 9. O-O Bd6 10. Bd2 O-O 11. Rc1 Rc8 12. b4 a5 13. b5 Nb8 14. Qb3 Qe7 15. a4
Ba3 16. Ra1 Bb4 17. Rac1 Rc4 18. Ne5 Rxd4 19. Be3 Bxc3 20. Qxc3 Rxa4 21. Bc5
Qe8 22. Bxf8 Kxf8 23. Qc5+ Kg8 24. Qc8 Kh7 25. Qxe8 Nxe8 26. Rc8 Nd6 27. Rxb8
f6 28. Nd7 Rb4 29. Nf8+ Kg8 30. Nxe6+ Kf7 31. Nf4 Rxb5 32. Bxd5+ Ke7 33. Rc1
Kd7 34. Bf3 a4 35. Ra8 Rb4 36. Nd5 1-0

[Event "Championnat de France des Jeunes - Juni"]
[Site "TROYES"]
[Date "2010.04.12"]
[Round "3.8"]
[White "Fougerit, Valentin"]
[Black "Masset, Jacques"]
[Result "1-0"]
[WhiteElo "2205"]
[BlackElo "1963"]
[PlyCount "143"]

1. e4 e5 2. Nf3 Nc6 3. Be2 Nf6 4. d3 d5 5. exd5 Nxd5 6. O-O Be7 7. Re1 O-O 8.
Nc3 Re8 9. Ne4 f5 10. Ng3 Bf6 11. Bf1 Be6 12. c3 g6 13. Bd2 Bf7 14. Qc1 f4 15.
Ne4 Be7 16. b4 a6 17. Qc2 g5 18. h3 h6 19. Bc1 Bf8 20. Bb2 Bg7 21. a3 Nf6 22.
Nfd2 Nxe4 23. Nxe4 Qc8 24. Be2 Be6 25. Bh5 Rf8 26. Qe2 Ne7 27. Rad1 Nf5 28. Nc5
Bf7 29. Bg4 b6 30. Ne4 Be6 31. Nd2 Nd6 32. Bf3 Rb8 33. Bc6 Bd7 34. Bd5+ Kh8 35.
Bf3 c5 36. c4 Re8 37. Bh5 Re6 38. Nf3 Nf5 39. Bg4 Re8 40. Bxf5 Bxf5 41. Bxe5
Bxe5 42. Nxe5 Qe6 43. Qh5 Kg7 44. d4 cxd4 45. Nf3 Bg6 46. Rxe6 Bxh5 47. Rd6
Bxf3 48. gxf3 Re2 49. Kf1 Ra2 50. R1xd4 Re8 51. Re4 Rxe4 52. fxe4 f3 53. Kg1
Rxa3 54. Rxb6 a5 55. b5 Rc3 56. Rc6 a4 57. Kh2 a3 58. Kg3 a2 59. Ra6 Rxc4 60.
Rxa2 Rxe4 61. Rb2 Re7 62. b6 Rb7 63. Kxf3 Kf6 64. Ke3 Ke5 65. Rb5+ Kd6 66. Ke4
Kc6 67. Rb2 Kd6 68. Kf5 Kd5 69. Kg6 Ke6 70. Rb5 Rb8 71. b7 h5 72. Kxg5 1-0

[Event "Championnat de France des Jeunes - Juni"]
[Site "TROYES"]
[Date "2010.04.12"]
[Round "3.9"]
[White "Esposito, Mathieu"]
[Black "Poignot, Quentin"]
[Result "1/2-1/2"]
[WhiteElo "1955"]
[BlackElo "2138"]
[PlyCount "51"]

1. e4 c5 2. Nf3 d6 3. Bb5+ Bd7 4. Bxd7+ Nxd7 5. O-O Ngf6 6. Re1 e6 7. c3 Be7 8.
d4 cxd4 9. cxd4 d5 10. e5 Ne4 11. a3 O-O 12. Nbd2 Nxd2 13. Bxd2 b5 14. Qe2 Qb6
15. Rec1 Rac8 16. Qe1 Rc4 17. b3 Rxc1 18. Rxc1 Bxa3 19. Ba5 Qa6 20. Rc7 Nb6 21.
Qc3 b4 22. Bxb4 Bxb4 23. Qxb4 Rc8 24. Rxc8+ Qxc8 25. h3 h6 26. Kh2 1/2-1/2

[Event "Championnat de France des Jeunes - Juni"]
[Site "TROYES"]
[Date "2010.04.12"]
[Round "3.10"]
[White "Lepigoche, Cyril"]
[Black "Nooshian, Kevin"]
[Result "1-0"]
[WhiteElo "2100"]
[BlackElo "1910"]
[Annotator "Rivier,Sylvain"]
[PlyCount "72"]

1. c4 c6 2. Nf3 d5 3. b3 Bf5 4. d4 Nf6 5. g3 h6 6. Bg2 e6 7. O-O Nbd7 8. Bb2
Bd6 9. Nc3 Qe7 10. Re1 Ba3 11. Bxa3 Qxa3 12. Nd2 O-O 13. e4 dxe4 14. Ncxe4 Qb2
15. Nd6 Bg4 16. Nf3 Rab8 17. h3 Bh5 18. a3 Bg6 19. Re2 Qc3 20. b4 b5 21. Ne1 a5
22. Re3 Qb2 23. Rb3 Bc2 24. Rxb2 Bxd1 25. Rxd1 axb4 26. axb4 bxc4 27. Bxc6 Nb6
28. b5 Nfd5 29. Rc1 c3 30. Rb3 f5 31. Nf3 f4 32. Ne4 fxg3 33. fxg3 Rxf3 34. Kh2
Rbf8 35. Bxd5 Nxd5 36. Nc5 Rf2+ {suite illisible} 1-0

[Event "Championnat de France - Juniors Filles"]
[Site "TROYES"]
[Date "2010.04.12"]
[Round "2.1"]
[White "Peyre, Camille"]
[Black "Forestier, Carole"]
[Result "1-0"]
[WhiteElo "1931"]
[BlackElo "2127"]
[PlyCount "91"]
[EventDate "2010.??.??"]

1. d4 d5 2. c4 e6 3. cxd5 exd5 4. Nc3 Nf6 5. Bg5 Be7 6. e3 O-O 7. Bd3 Nbd7 8.
Nge2 Re8 9. Qc2 Nf8 10. f3 Be6 11. O-O Rc8 12. Bh4 c5 13. dxc5 Bxc5 14. Nd4 Ng6
15. Bf2 Ne5 16. Rfd1 a6 17. Rac1 b5 18. a4 b4 19. Bxa6 bxc3 20. Bxc8 Bxc8 21.
Qxc3 Bb6 22. b4 Bd7 23. a5 Ba7 24. b5 Nc4 25. b6 Bb8 26. e4 Ba4 27. Rf1 Bf4 28.
Ra1 Bd7 29. exd5 Ne3 30. Rfe1 Nfxd5 31. Qd3 Qg5 32. g3 Bh3 33. b7 Bb8 34. a6
Ba7 35. Nc6 Qh5 36. Bxe3 Qxf3 37. Qd2 Bxe3+ 38. Rxe3 Nxe3 39. Nd4 Qe4 40. Re1
h5 41. Rxe3 Qb1+ 42. Qe1 Qxe1+ 43. Rxe1 Rxe1+ 44. Kf2 Rb1 45. a7 Rb2+ 46. Ke3
1-0

[Event "Championnat de France - Juniors Filles"]
[Site "TROYES"]
[Date "2010.04.12"]
[Round "2.2"]
[White "Richard, Emma"]
[Black "Le Berre, Tennessee"]
[Result "1-0"]
[WhiteElo "2116"]
[BlackElo "1799"]
[PlyCount "53"]

1. e4 e5 2. Nf3 d5 3. Nc3 dxe4 4. Nxe4 f5 5. Nc3 e4 6. Ng1 Nc6 7. d3 exd3 8.
Bxd3 Qe7+ 9. Qe2 Bd7 10. Be3 O-O-O 11. O-O-O Nf6 12. Nf3 g6 13. Bb5 Kb8 14. Qc4
Ng4 15. Bg5 Bh6 16. Bxh6 Nxh6 17. Rhe1 Qg7 18. Nd5 Nf7 19. Qf4 Qh6 20. Qxh6
Nxh6 21. Nf6 Kc8 22. Nd4 Ng8 23. Nxd7 Rxd7 24. Re8+ Rd8 25. Bxc6 bxc6 26. Rxd8+
Kxd8 27. Nxc6+ 1-0

[Event "Championnat de France - Juniors Filles"]
[Site "TROYES"]
[Date "2010.04.12"]
[Round "2.3"]
[White "Armas, Lara-Maria"]
[Black "Vinckier, Delphine"]
[Result "1/2-1/2"]
[WhiteElo "2008"]
[BlackElo "1811"]
[PlyCount "61"]

1. d4 d5 2. c4 c6 3. Nc3 e5 4. e3 dxc4 5. Bxc4 exd4 6. exd4 Nf6 7. Nf3 Be7 8.
O-O O-O 9. Re1 Nbd7 10. Qe2 Bd6 11. Bg5 h6 12. Bh4 Nb6 13. Bb3 Bf5 14. Rad1 g5
15. Bg3 Bxg3 16. hxg3 Nfd5 17. Ne5 Kg7 18. a4 a5 19. Qf3 Be6 20. Bc2 Qc8 21.
Rc1 g4 22. Qe4 f5 23. Qe2 Bg8 24. Bb1 Bh7 25. Qd2 Re8 26. Kh2 Qd8 27. Rh1 Qf6
28. Ne2 Re7 29. Qc2 Nb4 30. Qc5 N4d5 31. Rce1 1/2-1/2

[Event "Championnat de France - Juniors Filles"]
[Site "TROYES"]
[Date "2010.04.12"]
[Round "2.4"]
[White "Belier, Marie"]
[Black "Esposito, Julie"]
[Result "1-0"]
[WhiteElo "1430"]
[BlackElo "1767"]
[PlyCount "109"]

1. d4 e6 2. e4 d5 3. exd5 exd5 4. Nf3 Bd6 5. Nc3 c6 6. Bd3 Bg4 7. O-O Ne7 8.
Re1 h6 9. Be3 O-O 10. Qd2 Ng6 11. Ne5 Qh4 12. Nxg4 Qxg4 13. Ne2 Nh4 14. Ng3 f5
15. Bxh6 f4 16. h3 Qxh3 17. gxh3 Nf3+ 18. Kg2 Nxd2 19. Nf5 Rxf5 20. Bxf5 gxh6
21. Re8+ Kf7 22. Rae1 Ne4 23. Rc8 a5 24. Bxe4 dxe4 25. Rxe4 Ra6 26. Rd8 Bc7 27.
Rde8 Bd6 28. R8e6 c5 29. dxc5 Bxc5 30. Rxa6 Nxa6 31. Rxf4+ Kg6 32. Re4 Nc7 33.
f4 b6 34. Kf3 Kf6 35. Re5 Bd4 36. Re4 Bxb2 37. Rc4 Ne6 38. Ke4 Bc1 39. Rc6 Bxf4
40. Rxb6 Kf7 41. Rxe6 Kxe6 42. Kxf4 Kd5 43. Ke3 Kc4 44. Kd2 Kb4 45. c3+ Kc4 46.
Kc2 h5 47. h4 Kb5 48. Kb3 a4+ 49. Ka3 Kc4 50. Kxa4 Kxc3 51. Kb5 Kd4 52. a4 Kd5
53. a5 Kd6 54. Kb6 Kd7 55. Kb7 1-0

[Event "Championnat de France - Juniors Filles"]
[Site "TROYES"]
[Date "2010.04.12"]
[Round "2.5"]
[White "Bartolo, Alexia"]
[Black "Langlet, Stephanie"]
[Result "1-0"]
[WhiteElo "1553"]
[BlackElo "1470"]
[PlyCount "39"]

1. e4 e5 2. Nc3 Nf6 3. Bc4 c6 4. d4 d5 5. exd5 exd4 6. Qxd4 Be7 7. Bf4 cxd5 8.
Nxd5 O-O 9. O-O-O Nc6 10. Qe3 Be6 11. Nxf6+ Bxf6 12. Rxd8 Raxd8 13. Bxe6 fxe6
14. Qxe6+ Kh8 15. Ne2 Rfe8 16. Qg4 Nd4 17. Nxd4 Rxd4 18. Rd1 Rde4 19. Qf5 Re2
20. Be3 1-0

[Event "Championnat de France - Juniors Filles"]
[Site "TROYES"]
[Date "2010.04.12"]
[Round "2.6"]
[White "Sanchez, Amelie"]
[Black "Mallard, Ophelie"]
[Result "1/2-1/2"]
[WhiteElo "1860"]
[BlackElo "1670"]
[PlyCount "99"]

1. e4 e6 2. d4 d5 3. exd5 exd5 4. Bd3 Nc6 5. c3 Bd6 6. Ne2 Bg4 7. f3 Bh5 8. Bf4
Nf6 9. Nd2 Ne7 10. Nb3 Bg6 11. Rc1 Nh5 12. Bxd6 Qxd6 13. g3 O-O 14. O-O Rae8
15. Qc2 Bxd3 16. Qxd3 f5 17. Rce1 Rf6 18. Qb5 Ref8 19. Qxb7 g5 20. Qb4 Qxb4 21.
cxb4 Rb6 22. Nc3 Nc6 23. Nxd5 Rb7 24. Ne7+ Nxe7 25. Rxe7 Rxb4 26. Rxc7 Ra4 27.
Rb7 Rxa2 28. Rf2 Nf6 29. Rb5 Nd7 30. Ra5 Rxa5 31. Nxa5 Rc8 32. Rd2 Nf6 33. Nb7
Rc1+ 34. Kg2 Kf7 35. Nc5 Nd5 36. Nd3 Rb1 37. Ne5+ Kf6 38. h4 gxh4 39. gxh4 h5
40. Nc4 Nf4+ 41. Kg3 Nd5 42. Na3 Rg1+ 43. Kh2 Rf1 44. Nb5 Rxf3 45. Nxa7 Rf4 46.
Nc6 Rxh4+ 47. Kg3 Rg4+ 48. Kh3 Nf4+ 49. Kh2 Nd5 50. Ne5 1/2-1/2

[Event "Championnat de France des Jeunes - Cade"]
[Site "TROYES"]
[Date "2010.04.12"]
[Round "3.1"]
[White "Song, Julien"]
[Black "Bertrand, Quentin"]
[Result "0-1"]
[WhiteElo "2329"]
[BlackElo "2063"]
[PlyCount "184"]
[EventDate "2010.??.??"]

1. d4 Nf6 2. c4 e6 3. Nf3 Bb4+ 4. Nbd2 b6 5. e3 Bb7 6. Bd3 O-O 7. O-O c5 8. a3
Bxd2 9. Bxd2 Ne4 10. Be1 f5 11. b4 d6 12. Qe2 Nd7 13. Rd1 Qe7 14. bxc5 dxc5 15.
Ne5 Nxe5 16. dxe5 Rad8 17. f3 Ng5 18. Bg3 Bc6 19. Bc2 Nf7 20. Bb3 Rxd1 21. Rxd1
Rd8 22. h3 Rxd1+ 23. Qxd1 Qg5 24. Kf2 Qd8 25. Qc2 Qd7 26. Kg1 Nd8 27. Be1 Nf7
28. Bg3 Nd8 29. h4 Nb7 30. Be1 Qc7 31. Bc3 Qd8 32. Be1 Qc7 33. Qc3 Qd8 34. Bc2
Qd7 35. Bd3 Qc7 36. Kf1 Na5 37. Qb2 Qd7 38. Ke2 Nb7 39. Bg3 Na5 40. Be1 Nb7 41.
Bc3 Qd8 42. Be1 Qd7 43. Qb1 Nd8 44. Bg3 Nb7 45. Be1 Nd8 46. g4 g6 47. Bg3 Kg7
48. Bf4 Nf7 49. h5 g5 50. h6+ Kxh6 51. Bg3 Kg6 52. f4 h6 53. gxf5+ exf5 54. Bf2
g4 55. Bh4 Bb7 56. Bf6 Bf3+ 57. Kf2 Bb7 58. Kg3 h5 59. Kh4 Nh6 60. Qb5 Bc6 61.
Qb1 Bb7 62. Bg5 Qc6 63. Qf1 Nf7 64. Bf6 Qh1+ 65. Qxh1 Bxh1 66. Bc2 Bc6 67. Be7
Bd7 68. Bf8 Nd8 69. Bd6 Nc6 70. Bd3 Be6 71. e4 Nd4 72. Kg3 a6 73. a4 fxe4 74.
Bxe4+ Nf5+ 75. Bxf5+ Kxf5 76. Bc7 Bxc4 77. Bxb6 Bb3 78. Bxc5 Bxa4 79. Be3 Bb3
80. Bd2 Be6 81. Kh4 Bf7 82. Kg3 Bc4 83. Kh4 Bf7 84. Kg3 Ke4 85. Kh4 Be6 86. Kg3
Bd7 87. Be1 h4+ 88. Kxh4 Kxf4 89. Bg3+ Kf3 90. Be1 Bc8 91. Bc3 g3 92. Bd4 a5
0-1

[Event "Championnat de France des Jeunes - Cade"]
[Site "TROYES"]
[Date "2010.04.12"]
[Round "3.3"]
[White "Buscara, Sevan"]
[Black "Mahiouz, Oualid"]
[Result "1-0"]
[WhiteElo "2238"]
[BlackElo "2059"]
[PlyCount "55"]

1. d4 Nf6 2. Nf3 e6 3. Bf4 b6 4. e3 Bb7 5. Bd3 d6 6. h3 Nbd7 7. Qe2 Qe7 8. Ba6
Bxa6 9. Qxa6 e5 10. Bg5 exd4 11. Nxd4 Nc5 12. Qb5+ Qd7 13. Bxf6 gxf6 14. Nc3
Qxb5 15. Ndxb5 Kd7 16. O-O-O c6 17. Nd4 Kc7 18. b4 Ne6 19. b5 Nxd4 20. Rxd4 Rg8
21. g4 Rg5 22. bxc6 Kxc6 23. Rhd1 Ra5 24. a4 Rd8 25. R1d3 d5 26. e4 Bc5 27.
exd5+ Kc7 28. Rf4 1-0

[Event "Championnat de France des Jeunes - Cade"]
[Site "TROYES"]
[Date "2010.04.12"]
[Round "3.4"]
[White "Silva, Francis"]
[Black "Grandadam, Nicolas"]
[Result "1/2-1/2"]
[WhiteElo "2064"]
[BlackElo "2232"]
[PlyCount "58"]

1. d4 Nf6 2. c4 g6 3. Nc3 Bg7 4. e4 d6 5. Nf3 O-O 6. Be2 Nbd7 7. O-O e5 8. dxe5
dxe5 9. Qc2 c6 10. Rd1 Qe7 11. a3 Nh5 12. b4 Nf4 13. Bf1 Ne6 14. Bb2 b6 15. a4
Nd4 16. Nxd4 exd4 17. Ne2 c5 18. bxc5 bxc5 19. Nf4 Bb7 20. Nd5 Qd6 21. Rab1 f5
22. Bxd4 cxd4 23. Rxb7 Ne5 24. Rxg7+ Kxg7 25. exf5 Rxf5 26. Rxd4 Re8 27. f4 Nc6
28. Re4 Qc5+ 29. Qf2 Qxf2+ 1/2-1/2

[Event "Championnat de France des Jeunes - Cade"]
[Site "TROYES"]
[Date "2010.04.12"]
[Round "3.5"]
[White "Iwanesko, Alexandre"]
[Black "Naudion, Gregoire"]
[Result "0-1"]
[WhiteElo "2222"]
[BlackElo "2026"]
[PlyCount "85"]

1. e4 g6 2. d4 Bg7 3. Nc3 c6 4. Be3 d5 5. Qd2 dxe4 6. Nxe4 Nd7 7. Nf3 Ngf6 8.
Nxf6+ Nxf6 9. O-O-O O-O 10. Bd3 a5 11. h4 h5 12. Ne5 Ng4 13. Nxg4 Bxg4 14. f3
Be6 15. g4 b5 16. gxh5 Qd5 17. hxg6 Qxa2 18. gxf7+ Rxf7 19. Qg2 Qa1+ 20. Kd2
Qxb2 21. Rb1 Qa3 22. h5 b4 23. h6 Qc3+ 24. Ke2 Bc4 25. Rbc1 b3 26. hxg7 Rxg7
27. Qh3 b2 28. Qh8+ Kf7 29. Qxa8 bxc1=Q 30. Rxc1 Bxd3+ 31. Kf2 Bb5 32. Qc8 Qc4
33. Qf5+ Ke8 34. Qh5+ Kd7 35. Qf5+ Ke8 36. Re1 a4 37. Bh6 Qxd4+ 38. Be3 Qd5 39.
Qc8+ Kf7 40. Rb1 Qh5 41. Bb6 Qh2+ 42. Ke3 Qe5+ 43. Kf2 0-1

[Event "Championnat de France des Jeunes - Cade"]
[Site "TROYES"]
[Date "2010.04.12"]
[Round "3.6"]
[White "Dubessay, Bastien"]
[Black "Walter, Benjamin"]
[Result "1-0"]
[WhiteElo "2212"]
[BlackElo "1958"]
[PlyCount "47"]

1. d4 c5 2. d5 Nf6 3. c4 b5 4. cxb5 a6 5. bxa6 Bxa6 6. Nf3 d6 7. g3 g6 8. Bg2
Bg7 9. Nc3 O-O 10. O-O Nbd7 11. Rb1 Qa5 12. Bd2 Bb7 13. Qc2 Nb6 14. b3 Qa6 15.
e4 Ng4 16. a4 Rac8 17. Rfe1 Qa8 18. Bf1 e6 19. h3 Ne5 20. Nxe5 Bxe5 21. a5 Nd7
22. a6 Bxa6 23. Ra1 Nb8 24. Qa2 1-0

[Event "Championnat de France des Jeunes - Cade"]
[Site "TROYES"]
[Date "2010.04.12"]
[Round "3.7"]
[White "Marcel, Valentin"]
[Black "Ludwig, Remi"]
[Result "0-1"]
[WhiteElo "2008"]
[BlackElo "2200"]
[PlyCount "66"]

1. f4 d5 2. Nf3 g6 3. g3 Bg7 4. Bg2 c5 5. d3 Nc6 6. Nc3 Nf6 7. O-O d4 8. Ne4
Nxe4 9. dxe4 O-O 10. e3 e5 11. Qe2 Qe7 12. exd4 Nxd4 13. Nxd4 cxd4 14. f5 Bd7
15. Rf2 Rfc8 16. Bd2 Rxc2 17. f6 Bxf6 18. Raf1 Rc6 19. a3 Be8 20. Bb4 Qd8 21.
Qb5 b6 22. Qd5 Kg7 23. Rxf6 Qxd5 24. exd5 Rxf6 25. Re1 Rc8 26. Bh3 Rc2 27. Rxe5
Rc1+ 28. Kg2 Bb5 29. g4 Bf1+ 30. Kg3 Bxh3 31. Re8 g5 32. Kxh3 Rg1 33. Be1 Rh6+
0-1

[Event "Championnat de France des Jeunes - Cade"]
[Site "TROYES"]
[Date "2010.04.12"]
[Round "3.8"]
[White "Dionisi, Thomas"]
[Black "Harnik, Cecilien"]
[Result "1-0"]
[WhiteElo "2142"]
[BlackElo "1950"]
[PlyCount "75"]

1. e4 e6 2. d4 d5 3. Nc3 Bb4 4. e5 c5 5. a3 Bxc3+ 6. bxc3 Ne7 7. Nf3 Bd7 8. a4
Qa5 9. Qd2 Nbc6 10. Bd3 c4 11. Be2 O-O-O 12. Ba3 f6 13. O-O h6 14. Rfe1 f5 15.
h4 Rdg8 16. g3 Ng6 17. Kg2 Nf8 18. Bd6 Nh7 19. Rh1 g5 20. hxg5 Nxg5 21. Nxg5
hxg5 22. Bh5 g4 23. Bf7 Rd8 24. Bb4 Qa6 25. a5 Rxh1 26. Rxh1 Nxb4 27. cxb4 Be8
28. Rh7 Bxf7 29. Rxf7 Rd7 30. Rf6 b5 31. Qh6 Re7 32. Qf8+ Kd7 33. Qb8 Qc8 34.
Qxb5+ Qc6 35. Qb8 Qc7 36. Qa8 Re8 37. Rf7+ Re7 38. Rf8 1-0

[Event "Championnat de France des Jeunes - Cade"]
[Site "TROYES"]
[Date "2010.04.12"]
[Round "3.9"]
[White "Muller, Anthony"]
[Black "Mouhamad, Joachin"]
[Result "0-1"]
[WhiteElo "1930"]
[BlackElo "2082"]
[PlyCount "160"]

1. c4 Nf6 2. g3 g6 3. Bg2 Bg7 4. e3 O-O 5. Ne2 e5 6. Nbc3 c6 7. a3 Re8 8. O-O
d5 9. cxd5 cxd5 10. d4 e4 11. Bd2 Na6 12. b4 Nc7 13. Qb3 Bg4 14. h3 Bf3 15.
Rfc1 Bxg2 16. Kxg2 Ne6 17. Rc2 Qd7 18. Rac1 Bf8 19. Na4 b6 20. Nf4 Nxf4+ 21.
exf4 Rec8 22. Nb2 Rxc2 23. Qxc2 Ne8 24. Qb3 Nc7 25. Nd1 Ne6 26. Ne3 Rd8 27. Bc3
Bh6 28. Ng4 Bg7 29. Ne5 Bxe5 30. fxe5 Ng5 31. Rh1 Qf5 32. Bd2 Qf3+ 33. Qxf3
Nxf3 34. Be3 Rc8 35. g4 h5 36. Kg3 Kg7 37. Kf4 f6 38. exf6+ Kxf6 39. Rc1 g5+
40. Kg3 h4+ 41. Kg2 Rc4 42. Kf1 b5 43. Kg2 a6 44. Kf1 Ke6 45. Kg2 Kf7 46. Ra1
Ke6 47. a4 Rxb4 48. axb5 axb5 49. Kf1 Ra4 50. Rb1 b4 51. Ke2 Kd6 52. Kd1 Kc6
53. Rc1+ Kb6 54. Kc2 Kb5 55. Kb2 Ra5 56. Kb3 Ra3+ 57. Kb2 Ka4 58. Rc5 Rb3+ 59.
Kc2 Ne1+ 60. Kd2 Nf3+ 61. Kc2 Ne1+ 62. Kd2 Nd3 63. Rxd5 Rb2+ 64. Kd1 Nxf2+ 65.
Bxf2 Rxf2 66. Rxg5 b3 67. Kc1 e3 68. Re5 Ka3 69. Ra5+ Kb4 70. Re5 e2 71. Re8
b2+ 72. Kd2 e1=Q+ 73. Kxe1 b1=Q+ 74. Kxf2 Qh1 75. Re3 Kc4 76. Rf3 Kxd4 77. Rf4+
Kd3 78. Rf3+ Kd2 79. g5 Qh2+ 80. Kf1 Qe2+ 0-1

[Event "Championnat de France des Jeunes - Cade"]
[Site "TROYES"]
[Date "2010.04.12"]
[Round "3.10"]
[White "Massoni, Michael"]
[Black "Tournier, Timothee"]
[Result "1-0"]
[WhiteElo "2292"]
[BlackElo "1897"]
[PlyCount "55"]

1. e4 c5 2. Nf3 e6 3. d4 cxd4 4. Nxd4 a6 5. Nc3 Qc7 6. Bd3 Nf6 7. O-O d6 8. Kh1
Be7 9. f4 O-O 10. Be3 b5 11. a3 Bb7 12. Qf3 Nbd7 13. Qh3 Rfe8 14. Rae1 e5 15.
Nf5 Bf8 16. Qg3 Kh8 17. fxe5 Nxe5 18. Bd4 Re6 19. Qh4 Ng6 20. Qh3 Rae8 21. Ng3
Bc8 22. Nf5 Bb7 23. Nh4 Ne5 24. Re2 g6 25. Nf3 Nxf3 26. Rxf3 Bg7 27. Ref2 Bc8
28. Qh4 1-0

[Event "Championnat de France des Jeunes - Cade"]
[Site "TROYES"]
[Date "2010.04.12"]
[Round "3.1"]
[White "Macarry, Elodie"]
[Black "De Seroux, Camille"]
[Result "1-0"]
[WhiteElo "1898"]
[BlackElo "2019"]
[PlyCount "85"]
[EventDate "2010.??.??"]

1. e4 e5 2. Nf3 d6 3. Bc4 c6 4. c3 Be7 5. d4 b5 6. Bb3 Nd7 7. Be3 Ngf6 8. Nbd2
Ng4 9. O-O O-O 10. Re1 Bb7 11. Rc1 c5 12. a4 a6 13. axb5 axb5 14. h3 Nxe3 15.
Rxe3 Qb6 16. dxe5 dxe5 17. Nf1 Rfd8 18. Ng3 c4 19. Bc2 g6 20. Rb1 Qc7 21. Qf1
Nc5 22. Ree1 h5 23. Qe2 Ne6 24. Red1 Nf4 25. Qe1 Bc5 26. Nf1 Qe7 27. Ne3 Qf6
28. Kh2 g5 29. Nf5 g4 30. hxg4 hxg4 31. N3h4 Ng6 32. Nh6+ Kh7 33. N4f5 Qg5 34.
Qe2 g3+ 35. fxg3 Rf8 36. Qg4 Qf6 37. Qh5 Nf4 38. gxf4 Qg6 39. Qxg6+ fxg6 40.
Rd7+ Kh8 41. Rxb7 gxf5 42. exf5 Be3 43. Rf1 1-0

[Event "Championnat de France des Jeunes - Cade"]
[Site "TROYES"]
[Date "2010.04.12"]
[Round "3.2"]
[White "Soubirou, Oriane"]
[Black "Hourlier, Claire"]
[Result "1-0"]
[WhiteElo "2017"]
[BlackElo "1915"]
[PlyCount "53"]

1. b3 e6 2. Bb2 Nf6 3. e3 c5 4. Nf3 Nc6 5. Be2 d5 6. d4 Bd7 7. O-O Qc7 8. c4
cxd4 9. Nxd4 Nxd4 10. Bxd4 Bd6 11. g3 Bc6 12. Nd2 Qe7 13. cxd5 exd5 14. Nf3 O-O
15. Bd3 Ne4 16. Bb2 Rad8 17. Qe2 Bd7 18. Nh4 Qg5 19. f4 Qe7 20. Rad1 Bh3 21.
Rfe1 Bb4 22. Bxe4 Bxe1 23. Bf5 Bxf5 24. Nxf5 Qe4 25. Qg4 Bf2+ 26. Kf1 Qh1+ 27.
Ke2 1-0

[Event "Championnat de France des Jeunes - Cade"]
[Site "TROYES"]
[Date "2010.04.12"]
[Round "3.3"]
[White "Copin, Oceane"]
[Black "Auvray, Juliette"]
[Result "1/2-1/2"]
[WhiteElo "1871"]
[BlackElo "1974"]
[PlyCount "44"]

1. d4 Nf6 2. Nf3 e6 3. c4 Bb4+ 4. Bd2 c5 5. e3 O-O 6. Nc3 b6 7. Be2 Bxc3 8.
Bxc3 Ne4 9. Qc2 f5 10. Nd2 Nxc3 11. Qxc3 Bb7 12. Bf3 Bxf3 13. gxf3 Qf6 14.
O-O-O Nc6 15. Nb3 cxd4 16. Nxd4 Nxd4 17. Qxd4 Qxd4 18. Rxd4 Rac8 19. Rxd7 Rxc4+
20. Kb1 Rf7 21. Rd8+ Rf8 22. Rd7 Rf7 1/2-1/2